Criminal careers in London and Stockholm: A cross-national comparative study

Guardado en:  
Detalles Bibliográficos
Autores principales: Farrington, D.P. (Autor) ; Wikstroem, P-O.H. (Autor)
Tipo de documento: Print Artículo
Lenguaje:Inglés
Publicado: Aldershot 1999
En:Enthalten in: Uses of Criminal Statistics (1999), Seite 205-229
Verificar disponibilidad: HBZ Gateway

MARC

LEADER 00000caa a22000002c 4500
001 1912500396
003 DE-627
005 20250126054948.0
007 tu
008 241217s1999 xx ||||| 00| ||eng c
035 |a (DE-627)1912500396 
035 |a (DE-599)KXP1912500396 
040 |a DE-627  |b ger  |c DE-627  |e rda 
041 |a eng 
084 |a 2,1  |2 ssgn 
100 1 |a Farrington, D.P.  |e VerfasserIn  |4 aut 
245 1 0 |a Criminal careers in London and Stockholm: A cross-national comparative study 
264 1 |b Aldershot  |c 1999 
336 |a Text  |b txt  |2 rdacontent 
337 |a ohne Hilfsmittel zu benutzen  |b n  |2 rdamedia 
338 |a Band  |b nc  |2 rdacarrier 
700 1 |a Wikstroem, P-O.H.  |e VerfasserIn  |4 aut 
773 0 8 |i Enthalten in  |t Uses of Criminal Statistics  |g (1999), Seite 205-229 
773 1 8 |g year:1999  |g pages:205-229 
787 0 8 |i Forschungsdaten  |a Farrington, David, 1944 - 2024  |t Cambridge Study in Delinquent Development (Great Britain), 1961-1981  |d [Erscheinungsort nicht ermittelbar] : [Verlag nicht ermittelbar], 1986  |w (DE-627)1840065613 
935 |a mkri 
951 |a AR 
ELC |b 1 
LOK |0 000 xxxxxcx a22 zn 4500 
LOK |0 001 4637465893 
LOK |0 003 DE-627 
LOK |0 004 1912500396 
LOK |0 005 20241217044259 
LOK |0 008 241217||||||||||||||||ger||||||| 
LOK |0 035   |a (DE-2619)ICPSR105460 
LOK |0 040   |a DE-2619  |c DE-627  |d DE-2619 
LOK |0 092   |o n 
LOK |0 852   |a DE-2619 
LOK |0 852 1  |9 00 
LOK |0 935   |a uvkn  |a nacp 
LOK |0 939   |a 17-12-24  |b l01 
ORI |a SA-MARC-krimdoka001.raw